| 000 | 00554nam a22001817a 4500 | ||
|---|---|---|---|
| 005 | 20251108165040.0 | ||
| 008 | 250721s1988 xx 000 0 ara d | ||
| 082 | 1 | 4 | _a901/هار |
| 100 | 1 | _aهارت، ليدل | |
| 245 | 1 | 0 | _aالتاريخ فكر إستراتيجيا / |
| 264 | 1 |
_aبغداد : _bدار واسط للدراسات و النشر والتوزيع، _c1988. |
|
| 300 | _a198ص | ||
| 650 | 1 | 7 | _aالتاريخ |
| 650 | 1 | 7 | _aالفلسفة |
| 700 | 1 |
_aمشتاق، حازم طالب _eترجمة |
|
| 942 |
_2ddc _cBK |
||
| 999 |
_c20847 _d20847 |
||